La petit nicolás /

Guardado en:
Autor Principal: Sempe, Goscinny
Formato: Libro
Publicado: Francia : Denoel, 1960
Materias:
Etiquetas: Agregar Etiqueta
Sin Etiquetas, Sea el primero en etiquetar este registro!
LEADER 00440nam a22001695a 4500
001 CEM.cems005946
005 20060214000000.0
008 130507s1960##################000#0#####d
003 CEMS
082 0 4 |a 843 
100 1 |a Sempe, Goscinny 
245 1 0 |a La petit nicolás / 
260 |a Francia :  |b Denoel,  |c 1960 
300 |a 157 p. 
653 |a Literatura 
653 |a Literatura francesa 
859 |a CEMS  |b BIB. CEMS - 11 de abril  |h 843  |i Se53  |p 13615.85  |t Ej.1